[Event "Panevezys op-B 28th"]
[Site "Panevezys"]
[Date "2015.08.22"]
[Round "8"]
[White "Grusas, Dangiras"]
[Black "Rutigliano, Cesare"]
[Result "0-1"]
[WhiteElo "1375"]
[BlackElo "1674"]
[PlyCount "50"]
[EventDate "2015.08.17"]
[EventType "swiss"]
[EventRounds "9"]
[EventCountry "LTU"]
[SourceTitle "EXT 2016"]
[Source "ChessBase"]
[SourceDate "2015.10.08"]
[SourceVersion "1"]
[SourceVersionDate "2015.10.08"]
[SourceQuality "1"]

1. e4 e6 2. d4 d5 3. exd5 exd5 4. Bd3 c5 5. dxc5 Bxc5 6. Nf3 Nc6 7. Bf4 Nge7 8. Nc3 a6 9. 0-0 0-0 10. h3 Ng6 11. Bg3 Be6 12. Re1 b5 13. a3 Rc8 14. Kh1 Re8 15. Qd2 b4 16. Ne2 bxa3 17. bxa3 Qb6 18. Nf4 Nxf4 19. Bxf4 Bxf2 20. Re2 Bc5 21. Bh6 Qb2 22. Rae1 gxh6 23. Qxh6 Qg7 24. Qxg7+ Kxg7 25. Ng5 Nd4 0-1

[Event "Panevezys op-B 28th"]
[Site "Panevezys"]
[Date "2015.08.20"]
[Round "6"]
[White "Rutigliano, Cesare"]
[Black "Labanauskas, Dovydas"]
[Result "0-1"]
[WhiteElo "1674"]
[BlackElo "1386"]
[PlyCount "150"]
[EventDate "2015.08.17"]
[EventType "swiss"]
[EventRounds "9"]
[EventCountry "LTU"]
[SourceTitle "EXT 2016"]
[Source "ChessBase"]
[SourceDate "2015.10.08"]
[SourceVersion "1"]
[SourceVersionDate "2015.10.08"]
[SourceQuality "1"]

1. Nf3 Nf6 2. c4 e6 3. g3 d5 4. Bg2 Nc6 5. cxd5 exd5 6. 0-0 Bd6 7. d3 0-0 8. Nc3 a6 9. b3 d4 10. Na4 b5 11. Nb2 Bb7 12. Nxd4 Qd7 13. Nxc6 Bxc6 14. e4 Be5 15. Qc2 Rad8 16. Rb1 Bb7 17. Rd1 h6 18. a4 bxa4 19. Nxa4 Qd6 20. Kh1 Bxe4 21. Bxe4 Nxe4 22. Be3 Nf6 23. d4 Qd5+ 24. Kg1 Bd6 25. Qe2 Qb5 26. Rd3 Nd5 27. Rbd1 Rfe8 28. Qg4 Nf6 29. Qf3 Qd5 30. Bxh6 Qxf3 31. Rxf3 gxh6 32. Rxf6 Kg7 33. Rf3 Re7 34. Kg2 Be5 35. d5 a5 36. Rfd3 Bd6 37. h4 Bb4 38. Nc3 Red7 39. Ne4 f5 40. Nc3 Kf6 41. Re1 Rd6 42. Re2 R6d7 43. Rc2 Ke5 44. f4+ Kf6 45. Nb5 Rxd5 46. Rxd5 Rxd5 47. Nxc7 Rd3 48. Kf2 Rxb3 49. Rc6+ Kg7 50. h5 Rd3 51. Rg6+ Kh7 52. Ke2 Rd6 53. Rxd6 Bxd6 54. Nd5 a4 55. Nc3 a3 56. Kf3 Kg7 57. g4 fxg4+ 58. Kxg4 Kf7 59. Kf5 Be7 60. Kg4 Bb4 61. Na2 Ba5 62. Kf5 Bd2 63. Kg4 Kf6 64. f5 Ke5 65. f6 Kxf6 66. Kh4 Ke5 67. Kg4 Ke4 68. Kg3 Kd3 69. Kf3 Kc2 70. Ke2 Ba5 71. Ke3 Kb2 72. Kd3 Kxa2 73. Kc2 Bd8 74. Kc1 Kb3 75. Kb1 a2+ 0-1

[Event "Panevezys op-B 28th"]
[Site "Panevezys"]
[Date "2015.08.18"]
[Round "3"]
[White "Aviza, Elijas"]
[Black "Rutigliano, Cesare"]
[Result "0-1"]
[WhiteElo "1342"]
[BlackElo "1674"]
[PlyCount "124"]
[EventDate "2015.08.17"]
[EventType "swiss"]
[EventRounds "9"]
[EventCountry "LTU"]
[SourceTitle "EXT 2016"]
[Source "ChessBase"]
[SourceDate "2015.10.08"]
[SourceVersion "1"]
[SourceVersionDate "2015.10.08"]
[SourceQuality "1"]

1. d4 Nf6 2. c4 c5 3. e3 g6 4. Nc3 Bg7 5. Qc2 0-0 6. Nf3 d6 7. Bd3 Na6 8. a3 Nc7 9. 0-0 Bg4 10. Nd2 cxd4 11. exd4 d5 12. c5 Rc8 13. h3 Bd7 14. b4 Ne6 15. Nf3 b6 16. Bg5 Nxg5 17. Nxg5 bxc5 18. bxc5 Nh5 19. Nf3 Nf4 20. Ba6 Rb8 21. Qd2 Qa5 22. Qxf4 Qxc3 23. Rfc1 Qa5 24. Bd3 Bc6 25. Bc2 f6 26. Qg4 Qc7 27. Qe6+ Rf7 28. Rab1 Rd8 29. Nh4 Bd7 30. Qxd5 Bxh3 31. Qe4 Bc8 32. Bb3 e6 33. d5 f5 34. Qe3 exd5 35. Rd1 Bb7 36. Qe6 Qe7 37. Qxe7 Rxe7 38. Ba4 Ba6 39. Rb4 Rc7 40. Bb5 Bxb5 41. Rxb5 Bf8 42. Rc1 d4 43. Nf3 d3 44. Rd1 Bxc5 45. Rc1 Bb6 46. Rd1 Rc2 47. Rb3 Bxf2+ 48. Kf1 Bc5 49. Rbxd3 Rxd3 50. Rxd3 Rf2+ 51. Ke1 Rxg2 52. Rd8+ Kg7 53. Rc8 Bb6 54. Ne5 Ra2 55. Nc4 h5 56. Nxb6 axb6 57. Rb8 Rxa3 58. Rxb6 Kh6 59. Kf2 h4 60. Kg2 Rg3+ 61. Kh2 Kg5 62. Rb4 f4 0-1

[Event "Milan SSM op"]
[Site "Milan"]
[Date "2015.01.20"]
[Round "3"]
[White "Rutigliano, Cesare"]
[Black "Papale, Carmelo"]
[Result "1-0"]
[WhiteElo "1625"]
[BlackElo "1799"]
[PlyCount "43"]
[EventDate "2015.01.13"]
[EventType "swiss"]
[EventRounds "8"]
[EventCountry "ITA"]
[SourceTitle "EXT 2017"]
[Source "ChessBase"]
[SourceDate "2016.10.25"]
[SourceVersion "1"]
[SourceVersionDate "2016.10.25"]
[SourceQuality "1"]

1. e4 c5 2. Nc3 e6 3. f4 Nc6 4. Nf3 d5 5. e5 Nge7 6. Bb5 a6 7. Bxc6+ Nxc6 8. 0-0 Be7 9. a3 b5 10. d3 Qc7 11. Ne2 Bb7 12. Ng3 0-0 13. Qe1 Nd4 14. Nxd4 cxd4 15. Qe2 Rac8 16. Nh5 g6 17. Qg4 Kh8 18. Nf6 Bxf6 19. exf6 h5 20. Qg5 Kh7 21. f5 Rh8 22. Qh6+ 1-0

[Event "Robecchetto Autunn op 11th"]
[Site "Robecchetto"]
[Date "2014.10.16"]
[Round "2"]
[White "Redamante, Marzio"]
[Black "Rutigliano, Cesare"]
[Result "1-0"]
[WhiteElo "1541"]
[BlackElo "1644"]
[PlyCount "85"]
[EventDate "2014.10.09"]
[EventType "swiss"]
[EventRounds "7"]
[EventCountry "ITA"]
[SourceTitle "EXT 2016"]
[Source "ChessBase"]
[SourceDate "2015.10.08"]
[SourceVersion "1"]
[SourceVersionDate "2015.10.08"]
[SourceQuality "1"]

1. c4 e5 2. d3 Bc5 3. Nf3 Nc6 4. g3 f5 5. Nc3 b6 6. Bg2 Bb7 7. a3 Nf6 8. 0-0 0-0 9. Nxe5 Bd4 10. Nxc6 dxc6 11. Bd2 Qe8 12. e3 Be5 13. d4 Bd6 14. b4 Rb8 15. c5 Be7 16. Rc1 bxc5 17. dxc5 Ba6 18. Re1 Ng4 19. Qa4 Bb7 20. Qxa7 Qc8 21. Qa4 Ne5 22. Qb3+ Kh8 23. Ne2 Rd8 24. Nd4 Ra8 25. Ra1 Bf6 26. Bc3 Qd7 27. Red1 Qe8 28. Nxf5 Qg6 29. Nd4 h5 30. Ne6 Rdc8 31. Nf4 Qh6 32. Qe6 Re8 33. Qf5 g5 34. Bxe5 Rxe5 35. Ng6+ Kg7 36. Nxe5 Bc8 37. Qe4 h4 38. Ng4 Bxg4 39. Qxg4 hxg3 40. hxg3 Bxa1 41. Rxa1 Rh8 42. Rd1 Qf6 43. Qd4 1-0

[Event "Robecchetto Autumn op 8th"]
[Site "Robecchetto"]
[Date "2011.11.24"]
[Round "6"]
[White "Macchiettini, Pierangelo"]
[Black "Rutigliano, Cesare"]
[Result "1/2-1/2"]
[WhiteElo "1756"]
[BlackElo "1717"]
[PlyCount "54"]
[EventDate "2011.10.20"]
[EventType "swiss"]
[EventRounds "7"]
[EventCountry "ITA"]
[SourceTitle "EXT 2024"]
[Source "ChessBase"]
[SourceDate "2023.10.10"]
[SourceVersion "1"]
[SourceVersionDate "2023.10.10"]
[SourceQuality "1"]

1. d4 f5 2. c4 Nf6 3. Nc3 Nc6 4. Nf3 e6 5. a3 b6 6. e3 Bb7 7. Be2 a6 8. Qc2 Bd6 9. 0-0 Ne7 10. b4 Ng6 11. c5 Be7 12. Bd2 Ne4 13. Rac1 bxc5 14. dxc5 0-0 15. Rcd1 Qe8 16. Nxe4 Bxe4 17. Qb3 Bd5 18. Qa4 Nh8 19. Ne5 c6 20. Nd3 g5 21. Bc3 Ng6 22. Bh5 Bf6 23. Bxf6 Rxf6 24. Qc2 Qf8 25. Bxg6 hxg6 26. Ne5 Ra7 27. f3 Qb8 1/2-1/2

[Event "Robecchetto Autumn op 8th"]
[Site "Robecchetto"]
[Date "2011.10.27"]
[Round "2"]
[White "Turchi, Alessandro"]
[Black "Rutigliano, Cesare"]
[Result "0-1"]
[WhiteElo "1602"]
[BlackElo "1717"]
[PlyCount "150"]
[EventDate "2011.10.20"]
[EventType "swiss"]
[EventRounds "7"]
[EventCountry "ITA"]
[SourceTitle "EXT 2024"]
[Source "ChessBase"]
[SourceDate "2023.10.10"]
[SourceVersion "1"]
[SourceVersionDate "2023.10.10"]
[SourceQuality "1"]

1. d4 Nf6 2. c4 c5 3. d5 b5 4. Nc3 b4 5. Na4 d6 6. b3 g6 7. Bb2 Bf5 8. f3 Bg7 9. e4 Bd7 10. Bd3 Bxa4 11. bxa4 Qa5 12. Qb3 Nbd7 13. Nh3 Nb6 14. Bc2 Qa6 15. 0-0 Qxc4 16. a5 Qxb3 17. axb3 Nbd7 18. f4 0-0 19. Bd3 Ng4 20. Bxg7 Kxg7 21. Rae1 Rab8 22. Ng5 h6 23. Nf3 Rfd8 24. Nd2 Ngf6 25. Bc4 Ne8 26. e5 dxe5 27. fxe5 Nf8 28. h4 Nh7 29. Rf2 Rb7 30. Ne4 Rc7 31. g4 f6 32. e6 Nd6 33. Nxd6 Rxd6 34. Ref1 Rc8 35. Kg2 Rf8 36. Kh3 Rdd8 37. a6 Rh8 38. Ra1 h5 39. g5 Rhf8 40. gxf6+ Rxf6 41. Rg2 Rf3+ 42. Kh2 Nf6 43. Kg1 Nxd5 44. Rd1 Rd6 45. Bxd5 Rf5 46. Rgd2 Rxa6 47. Bc4 Ra3 48. Rd7 Kf6 49. Rd8 Rf4 50. Rf8+ Ke5 51. Rxf4 Kxf4 52. Rf1+ Kg3 53. Re1 a5 54. Re3+ Kf4 55. Re1 a4 56. Rf1+ Kg3 57. Bd5 Kxh4 58. Rb1 axb3 59. Bxb3 Kg3 60. Bc4 Rc3 61. Bd5 h4 62. Kf1 h3 63. Rb2 Rc1+ 64. Ke2 h2 65. Ke3 h1Q 66. Bxh1 Rxh1 67. Kd3 Re1 68. Kc4 Rxe6 69. Kxc5 Re4 70. Kd5 Kf3 71. Rb1 e6+ 72. Kc5 g5 73. Rf1+ Kg4 74. Rg1+ Kf5 75. Rb1 g4 0-1

[Event "Panevezys op-B 24th"]
[Site "Panevezys"]
[Date "2011.08.12"]
[Round "5"]
[White "Andriulevicius, Orestas"]
[Black "Rutigliano, Cesare"]
[Result "1-0"]
[WhiteElo "1836"]
[BlackElo "1739"]
[PlyCount "47"]
[EventDate "2011.08.09"]
[EventType "swiss"]
[EventRounds "9"]
[EventCountry "LTU"]
[SourceTitle "CBM 144 Extra"]
[Source "ChessBase"]
[SourceDate "2011.10.28"]
[SourceVersion "1"]
[SourceVersionDate "2011.10.28"]
[SourceQuality "1"]

1. e4 e6 2. d4 d5 3. exd5 exd5 4. c4 c6 5. Nc3 h6 6. Nf3 Nf6 7. c5 Bg4 8. h3 Bh5 9. g4 Bg6 10. Ne5 Qe7 11. Be2 Bh7 12. Bf4 Nbd7 13. Qd2 g5 14. Bg3 Bg7 15. 0-0-0 0-0 16. Bd3 Bxd3 17. Qxd3 Nxc5 18. dxc5 Ne4 19. Nxe4 dxe4 20. Qd6 Qf6 21. Qxf6 Bxf6 22. Nd7 Bxb2+ 23. Kxb2 Rfe8 24. Nf6+ 1-0